[Event "FIN-chT1A 0506"]
[Site "Finland"]
[Date "2006.01.14"]
[Round "5.8"]
[White "Uimonen, Matti"]
[Black "Visti, Heikki"]
[Result "1/2-1/2"]
[WhiteElo "2098"]
[BlackElo "2049"]
[PlyCount "84"]
[EventDate "2005.09.17"]
[EventType "team-tourn"]
[EventRounds "7"]
[EventCountry "FIN"]
[SourceTitle "EXT 2022"]
[Source "ChessBase"]
[SourceDate "2021.10.06"]
[SourceVersion "1"]
[SourceVersionDate "2021.10.06"]
[SourceQuality "1"]
[WhiteTeam "Helsinki HSK II"]
[BlackTeam "Helsinki KS 58"]
[WhiteTeamCountry "FIN"]
[BlackTeamCountry "FIN"]

1. d4 d5 2. c4 e6 3. Nf3 Nd7 4. Nc3 Ngf6 5. Bg5 h6 6. Bh4 Be7 7. e3 0-0 8. Bd3 a6 9. 0-0 dxc4 10. Bxc4 b5 11. Bd3 c5 12. b3 Bb7 13. Rc1 Rc8 14. Qe2 Re8 15. Rfd1 Qa5 16. Nb1 Bxf3 17. gxf3 cxd4 18. Rxc8 Rxc8 19. exd4 Bd6 20. Bg3 Qc7 21. Nd2 Nd5 22. Ne4 Bf4 23. Qe1 Re8 24. a4 Qb6 25. axb5 axb5 26. b4 e5 27. Nc5 N7f6 28. Be4 Qd6 29. dxe5 Qxe5 30. Nd3 Qb8 31. Nxf4 Nxf4 32. Qe3 N6h5 33. Qd2 Qe5 34. Qd6 f5 35. Bxf4 Nxf4 36. Qxe5 Rxe5 37. Bc6 Kh7 38. Kf1 Kg6 39. Rd4 Ne6 40. Rd6 Kg5 41. Bd7 Nf4 42. Rd4 Rd5 1/2-1/2

[Event "FIN-chT1B 0203"]
[Site "Finland"]
[Date "2002.10.??"]
[Round "4.4"]
[White "Saren, Ilkka J"]
[Black "Uimonen, Matti"]
[Result "1/2-1/2"]
[WhiteElo "2242"]
[BlackElo "2118"]
[PlyCount "21"]
[EventDate "2002.10.??"]
[EventType "team-tourn"]
[EventRounds "11"]
[EventCountry "FIN"]
[SourceTitle "EXT 2022"]
[Source "ChessBase"]
[SourceDate "2021.10.06"]
[SourceVersion "1"]
[SourceVersionDate "2021.10.06"]
[SourceQuality "1"]
[WhiteTeam "Helsinki SSK"]
[BlackTeam "Helsinki HSK II"]
[WhiteTeamCountry "FIN"]
[BlackTeamCountry "FIN"]

1. e4 d5 2. exd5 Qxd5 3. Nc3 Qa5 4. d4 Nf6 5. Nf3 Bf5 6. Bd3 Bxd3 7. Qxd3 e6 8. 0-0 Nbd7 9. Qb5 Qxb5 10. Nxb5 Bd6 11. Nxd6+ 1/2-1/2